Statistics for Minecraft Recipes

Click here to take the quiz!

General Stats

  • This quiz has been taken 203 times
    (64 since last reset)
  • The average score is 13 of 15

Answer Stats

Ingredient 1Ingredient 2Answer% Correct
Wool+Brown dye=Brown Wool
98%
Iron Ingot+Flint=Flint & Steel
98%
6 Wood Planks+3 Books=Bookshelf
94%
2 String+3 Sticks=Fishing Pole
94%
8 Paper+1 Compass=Map
94%
Cobblestone+Vine=Mossy Cobblestone
93%
Raw Chicken+Furnace=Cooked Chicken
91%
Redstone+Stick=Redstone Torch
91%
Chest+Tripwire Hook=Trapped Chest
91%
Cobblestone+Stick=Lever
87%
Pumpkin+Torch=Jack O Lantern
85%
3 String+3 Sticks=Bow
83%
Iron Ingot+Iron Ingot=Shears or Heavy Weighted Pressure Plate
74%
Slimeball+Blaze Powder=Magma Cream
54%
Shield+Banner=Patterned Shield
28%

Score Distribution

Percentile by Number Answered

Percent of People with Each Score

Your Score History

You have not taken this quiz since the last reset